000 00679cam a22002411 4500
999 _c10124
_d10124
001 9292942
003 OSt
005 20210216111024.0
008 790509s1949 pau 000 0 eng
010 _a 49002670
035 _a(OCoLC)4946194
040 _aDLC
_cIObT
_dDLC
050 0 0 _aBX9178.B37
_bB262G
082 _bB262G
100 1 _aBarnhouse, Donald Grey,
_d1895-1960.
245 1 0 _aGuaranteed deposits.
260 _aPhiladelphia,
_bRevelation Publications
_c[1949]
300 _a160 p.
_c20 cm.
650 0 _aPresbyterian Church
_xSermons.
650 0 _aSermons, American
_y20th century.
906 _a7
_bcbc
_coclcrpl
_du
_encip
_f19
_gy-gencatlg
942 _2ddc
_cBK